[Event "Klatovy op-B 23rd"]
[Site "Klatovy"]
[Date "2017.07.09"]
[Round "9"]
[White "Cyron, Karel"]
[Black "Esterka, Jan"]
[Result "1-0"]
[WhiteElo "1774"]
[BlackElo "1827"]
[PlyCount "58"]
[EventDate "2017.07.01"]
[EventType "swiss"]
[EventRounds "9"]
[EventCountry "CZE"]
[SourceTitle "EXT 2018"]
[Source "ChessBase"]
[SourceDate "2017.10.13"]
[SourceVersion "1"]
[SourceVersionDate "2017.10.13"]
[SourceQuality "1"]

1. e4 e5 2. Nf3 Nc6 3. Bc4 Nf6 4. Ng5 d5 5. exd5 Nxd5 6. Nxf7 Kxf7 7. Qf3+ Ke6 8. Nc3 Nce7 9. Ne4 c6 10. Ng5+ Kd7 11. Nf7 Qe8 12. Nxh8 Kc7 13. Nf7 Be6 14. Nxe5 Rd8 15. 0-0 Nc8 16. c3 Bd6 17. d4 Ncb6 18. Bb3 Nf6 19. Bxe6 Qxe6 20. h3 a5 21. b3 Nfd7 22. Qf7 Qxf7 23. Nxf7 Re8 24. Nxd6 Kxd6 25. Bf4+ Kd5 26. Rfe1 Rxe1+ 27. Rxe1 c5 28. dxc5 Kxc5 29. Be3+ Kc6 1-0

[Event "Klatovy op-B 23rd"]
[Site "Klatovy"]
[Date "2017.07.08"]
[Round "8"]
[White "Esterka, Jan"]
[Black "Parpel, Petr"]
[Result "1/2-1/2"]
[WhiteElo "1827"]
[BlackElo "1758"]
[PlyCount "100"]
[EventDate "2017.07.01"]
[EventType "swiss"]
[EventRounds "9"]
[EventCountry "CZE"]
[SourceTitle "EXT 2018"]
[Source "ChessBase"]
[SourceDate "2017.10.13"]
[SourceVersion "1"]
[SourceVersionDate "2017.10.13"]
[SourceQuality "1"]

1. e4 c5 2. Nf3 d6 3. d4 cxd4 4. Nxd4 Nf6 5. Bd3 a6 6. 0-0 Nc6 7. Nb3 e6 8. c3 Be7 9. Be3 Bd7 10. f4 0-0 11. N1d2 b5 12. Qe2 e5 13. Rad1 Ng4 14. Nf3 Nxe3 15. Qxe3 Be6 16. f5 Bxb3 17. axb3 Qc7 18. b4 Nb8 19. Bb1 Nd7 20. Kh1 h6 21. Ba2 Nf6 22. Bd5 Nxd5 23. Rxd5 Qc4 24. Nd2 Qc7 25. Qd3 f6 26. Nf3 Rfc8 27. Nh4 Qc4 28. Ng6 Qxd3 29. Rxd3 Kf7 30. Rfd1 Rd8 31. Rd5 Rac8 32. Kg1 Rc4 33. Re1 Rd7 34. Kf2 Bd8 35. Kf3 Bc7 36. g4 Bb6 37. h4 Ra7 38. Rh1 Rc6 39. g5 Rc8 40. gxh6 gxh6 41. h5 Bc7 42. Ra1 Rb8 43. Ke3 Ke8 44. Kd3 Rb6 45. Nh4 Ke7 46. Rg1 a5 47. bxa5 Rxa5 48. Rg7+ Kd8 49. Ke2 Ra4 50. Rg4 b4 1/2-1/2

[Event "Klatovy op-B 23rd"]
[Site "Klatovy"]
[Date "2017.07.03"]
[Round "3"]
[White "Kotal, Vit"]
[Black "Esterka, Jan"]
[Result "0-1"]
[WhiteElo "1388"]
[BlackElo "1827"]
[PlyCount "88"]
[EventDate "2017.07.01"]
[EventType "swiss"]
[EventRounds "9"]
[EventCountry "CZE"]
[SourceTitle "EXT 2018"]
[Source "ChessBase"]
[SourceDate "2017.10.13"]
[SourceVersion "1"]
[SourceVersionDate "2017.10.13"]
[SourceQuality "1"]

1. e4 c5 2. Nf3 d6 3. g3 g6 4. Bg2 Bg7 5. 0-0 Nf6 6. d3 Nc6 7. Nbd2 0-0 8. h3 Qc7 9. Nh2 b5 10. f4 Bb7 11. g4 Nd7 12. f5 Nd4 13. c3 Nc6 14. Ndf3 Nde5 15. Kh1 c4 16. d4 Nd3 17. Ne1 Nxc1 18. Qxc1 b4 19. Nc2 a5 20. Ne3 bxc3 21. bxc3 Nd8 22. Qc2 Bh6 23. Rae1 f6 24. Nd5 Bxd5 25. exd5 g5 26. Nf3 Nf7 27. h4 gxh4 28. Nxh4 Rab8 29. Qe2 Rb7 30. Nf3 Rfb8 31. Qe6 Qc8 32. Rf2 Bf4 33. Ref1 Rb1 34. Re2 Bh6 35. Qe4 Rxf1+ 36. Bxf1 Rb5 37. Bg2 Qb7 38. Kh2 Rb2 39. Ng1 Rxe2 40. Qxe2 Bf4+ 41. Kh1 Qb1 42. Bf1 Ng5 43. Kg2 Ne4 44. Qxc4 Qe1 0-1